[Event "RUS-ch Rapid"]
[Site "Sochi"]
[Date "2021.10.12"]
[Round "1"]
[White "Kolupaev, Vadim"]
[Black "Nozdrachev, Vladislav"]
[Result "0-1"]
[WhiteElo "1853"]
[BlackElo "2495"]
[PlyCount "70"]
[EventDate "2021.10.12"]
[EventType "swiss (rapid)"]
[EventRounds "11"]
[EventCountry "RUS"]
[SourceTitle "CBM 204 Extra"]
[Source "ChessBase"]
[SourceDate "2021.11.30"]
[SourceVersion "1"]
[SourceVersionDate "2021.11.30"]
[SourceQuality "1"]

1. e4 e5 2. f4 exf4 3. Nf3 g5 4. Bc4 Bg7 5. 0-0 d6 6. d4 Nc6 7. c3 h6 8. Qa4 Bd7 9. Qb3 Qe7 10. Qxb7 Rb8 11. Qa6 Rb6 12. Qa3 Nf6 13. Bd3 0-0 14. Nbd2 Nh5 15. Nc4 g4 16. Nxb6 axb6 17. Ne1 f3 18. gxf3 g3 19. hxg3 Nxg3 20. Rf2 Nxd4 21. Be3 Ndf5 22. Nc2 Nxe3 23. Nxe3 Qg5 24. f4 Qh4 25. Rh2 Qxf4 26. Nd5 Qg5 27. Re1 Be5 28. Rg2 Bh3 29. Bf1 Bxg2 30. Bxg2 Qd2 31. Re3 c6 32. Ne7+ Kh7 33. Rf3 Qe1+ 34. Bf1 Nxf1 35. Qb3 Ne3+ 0-1

[Event "Eurasia Cup op"]
[Site "Ekaterinburg"]
[Date "2019.08.03"]
[Round "4"]
[White "Skvortsov, Andrei"]
[Black "Kolupaev, Vadim"]
[Result "1-0"]
[WhiteElo "2187"]
[BlackElo "1900"]
[PlyCount "53"]
[EventDate "2019.07.31"]
[EventType "swiss"]
[EventRounds "9"]
[EventCountry "RUS"]
[SourceTitle "CBM 191 Extra"]
[Source "ChessBase"]
[SourceDate "2019.09.30"]
[SourceVersion "1"]
[SourceVersionDate "2019.09.30"]
[SourceQuality "1"]

1. Nf3 Nf6 2. c4 c5 3. Nc3 Nc6 4. d4 cxd4 5. Nxd4 e5 6. Nc2 Be7 7. e4 d6 8. Be2 0-0 9. 0-0 a6 10. Be3 Be6 11. f3 Nh5 12. Qd2 f5 13. exf5 Bxf5 14. Nd5 Bxc2 15. Qxc2 Bg5 16. Bb6 Qd7 17. Bd3 h6 18. g4 Nf4 19. Bf5 Qf7 20. Rad1 Ne7 21. Be4 Nexd5 22. Bxd5 Nxd5 23. Rxd5 Rac8 24. Qd3 Be7 25. b3 Qe6 26. Be3 Rf7 27. Qe4 1-0

[Event "Sochi ChessAmateur op"]
[Site "Sochi"]
[Date "2018.04.01"]
[Round "1"]
[White "Toropov, Pavel"]
[Black "Kolupaev, Vadim"]
[Result "1-0"]
[WhiteElo "2252"]
[BlackElo "1917"]
[PlyCount "89"]
[EventDate "2018.04.01"]
[EventType "swiss"]
[EventRounds "9"]
[EventCountry "RUS"]
[SourceTitle "CBM 184 Extra"]
[Source "ChessBase"]
[SourceDate "2018.06.28"]
[SourceVersion "1"]
[SourceVersionDate "2018.06.28"]
[SourceQuality "1"]

1. e4 c5 2. Nf3 Nc6 3. Bb5 d6 4. d4 cxd4 5. Qxd4 Bd7 6. Bxc6 bxc6 7. c4 e5 8. Qd3 Nf6 9. Nc3 h6 10. 0-0 Be7 11. c5 Qc7 12. cxd6 Bxd6 13. Be3 0-0 14. Rac1 Qb8 15. Rfd1 Bc7 16. Bc5 Re8 17. h3 Be6 18. b3 Nh5 19. Qa6 Nf4 20. Rc2 Qc8 21. Qxc8 Rexc8 22. Na4 f6 23. Be3 Ba5 24. Rd6 Bb4 25. Rdxc6 Rxc6 26. Rxc6 Bd7 27. Rc7 Bxa4 28. bxa4 a5 29. Bxf4 exf4 30. Nd4 Bd6 31. Rd7 Be5 32. Nc6 Bc3 33. Ne7+ Kh7 34. Nf5 Rg8 35. Kf1 Bb4 36. h4 h5 37. Ke2 Kh8 38. Kf3 g5 39. hxg5 fxg5 40. e5 Re8 41. Ke4 Bc3 42. Ne7 h4 43. f3 Bb4 44. Ng6+ Kg8 45. Kf5 1-0